<?xml version="1.0" encoding="UTF-8"?>
<collection xmlns="http://www.loc.gov/MARC21/slim">
 <record>
  <leader>01884nam a2200277 a 4500</leader>
  <controlfield tag="001">1/54762</controlfield>
  <controlfield tag="008">211215s19931994gr            000 | gre d</controlfield>
  <datafield tag="020" ind1=" " ind2=" ">
   <subfield code="a">9789601421797</subfield>
   <subfield code="q">(set)</subfield>
  </datafield>
  <datafield tag="020" ind1=" " ind2=" ">
   <subfield code="a">9789601421759</subfield>
   <subfield code="q">(τ. 1)</subfield>
  </datafield>
  <datafield tag="020" ind1=" " ind2=" ">
   <subfield code="a">9789601421766</subfield>
   <subfield code="q">(τ. 2)</subfield>
  </datafield>
  <datafield tag="020" ind1=" " ind2=" ">
   <subfield code="a">9789601421773</subfield>
   <subfield code="q">(τ. 3)</subfield>
  </datafield>
  <datafield tag="020" ind1=" " ind2=" ">
   <subfield code="a">9789601421780</subfield>
   <subfield code="q">(τ. 4)</subfield>
  </datafield>
  <datafield tag="040" ind1=" " ind2=" ">
   <subfield code="a">GR-PeUP</subfield>
  </datafield>
  <datafield tag="082" ind1="0" ind2="0">
   <subfield code="a">949.506 ΤΡΙ</subfield>
  </datafield>
  <datafield tag="100" ind1="1" ind2=" ">
   <subfield code="a">Τρικούπης, Σπυρίδων,</subfield>
   <subfield code="d">1788-1873.</subfield>
  </datafield>
  <datafield tag="245" ind1="1" ind2="0">
   <subfield code="a">Ιστορία της ελληνικής επανάστασης /</subfield>
   <subfield code="c">Σπυρίδων Τρικούπης.</subfield>
  </datafield>
  <datafield tag="260" ind1=" " ind2=" ">
   <subfield code="a">Αθήνα :</subfield>
   <subfield code="b">Λιβάνη,</subfield>
   <subfield code="c">1993-1994.</subfield>
  </datafield>
  <datafield tag="300" ind1=" " ind2=" ">
   <subfield code="a">4 τ. (327 · 349 · 351 · 370 σ.) ;</subfield>
   <subfield code="c">24 εκ.</subfield>
  </datafield>
  <datafield tag="505" ind1="0" ind2=" ">
   <subfield code="a">Τ. 1. Από την ίδρυση της Φιλικής Εταιρείας ως την άφιξη του Δ. Υψηλάντη στην Ελλάδα -- τ. 2. Από την εισβολή του Ομέρ Βρυώνη στην Αττική ως και την πρώτη πολιορκία του Μεσολογγίου -- τ. 3. Από το θάνατο του Δράμαλη ως και τη δεύτερη πολιορκία του Μεσολογγίου -- τ. 4. Από την Γ' Εθνική Συνέλευση στην Επίδαυρο ως την ανακήρυξη της ανεξαρτησίας.</subfield>
  </datafield>
  <datafield tag="651" ind1=" " ind2="4">
   <subfield code="a">Ελλάδα</subfield>
   <subfield code="x">Ιστορία</subfield>
   <subfield code="x">Επανάσταση του 1821.</subfield>
  </datafield>
  <datafield tag="651" ind1=" " ind2="0">
   <subfield code="a">Greece</subfield>
   <subfield code="x">History</subfield>
   <subfield code="x">War of independence, 1821-1829.</subfield>
  </datafield>
  <datafield tag="852" ind1=" " ind2=" ">
   <subfield code="a">INST</subfield>
   <subfield code="b">UNIPILB</subfield>
   <subfield code="c">MAIN</subfield>
   <subfield code="e">20211215</subfield>
   <subfield code="h">949.506 ΤΡΙ</subfield>
   <subfield code="p">00186501</subfield>
   <subfield code="q">00186501</subfield>
   <subfield code="t">LOAN</subfield>
   <subfield code="v">τομ.1:</subfield>
   <subfield code="y">0</subfield>
   <subfield code="4">1</subfield>
  </datafield>
  <datafield tag="852" ind1=" " ind2=" ">
   <subfield code="a">INST</subfield>
   <subfield code="b">UNIPILB</subfield>
   <subfield code="c">MAIN</subfield>
   <subfield code="e">20211215</subfield>
   <subfield code="h">949.506 ΤΡΙ</subfield>
   <subfield code="p">00186502</subfield>
   <subfield code="q">00186502</subfield>
   <subfield code="t">LOAN</subfield>
   <subfield code="v">τομ.2:</subfield>
   <subfield code="y">0</subfield>
   <subfield code="4">1</subfield>
  </datafield>
  <datafield tag="852" ind1=" " ind2=" ">
   <subfield code="a">INST</subfield>
   <subfield code="b">UNIPILB</subfield>
   <subfield code="c">MAIN</subfield>
   <subfield code="e">20211215</subfield>
   <subfield code="h">949.506 ΤΡΙ</subfield>
   <subfield code="p">00186503</subfield>
   <subfield code="q">00186503</subfield>
   <subfield code="t">LOAN</subfield>
   <subfield code="v">τομ.3:</subfield>
   <subfield code="y">0</subfield>
   <subfield code="4">1</subfield>
  </datafield>
  <datafield tag="852" ind1=" " ind2=" ">
   <subfield code="a">INST</subfield>
   <subfield code="b">UNIPILB</subfield>
   <subfield code="c">MAIN</subfield>
   <subfield code="e">20211215</subfield>
   <subfield code="h">949.506 ΤΡΙ</subfield>
   <subfield code="p">00186504</subfield>
   <subfield code="q">00186504</subfield>
   <subfield code="t">LOAN</subfield>
   <subfield code="v">τομ.4:</subfield>
   <subfield code="y">0</subfield>
   <subfield code="4">1</subfield>
  </datafield>
  <datafield tag="960" ind1=" " ind2=" ">
   <subfield code="a">ΜΑΡΙΑ ΒΕΛ</subfield>
  </datafield>
 </record>
</collection>
